| 000 | 00760nam a22002417a 4500 | ||
|---|---|---|---|
| 001 | 8193 | ||
| 003 | FISKH | ||
| 005 | 20250901155356.0 | ||
| 008 | 250901b cb ||||| |||| 00| 0 eng d | ||
| 020 | _a9780571217120 | ||
| 040 |
_aFISKH _beng _cFISKH _dFISKH |
||
| 082 | _a 823.914 | ||
| 100 | _aArdagh, Philip | ||
| 245 |
_aFinal curtain / _cPhilip Ardagh ; illustrated by David Roverts |
||
| 250 | _aThis edition published in 2007 | ||
| 260 |
_aLondon : _bFaber and Faber, _c2006 |
||
| 300 |
_a195 pages : _billustrations ; _c20 cm |
||
| 520 | _aThe last outing for Philip Ardagh's most popular creation, Eddie Dickens. | ||
| 650 |
_aAdventure _vJuvenile Fiction |
||
| 700 |
_aRoverts, David _eillustrator |
||
| 942 |
_2ddc _cBK _n0 |
||
| 999 |
_c8193 _d8193 |
||